Normal view MARC view

Entry Personal Name

Number of records used in: 1

001 - CONTROL NUMBER

  • control field: 27993

003 - CONTROL NUMBER IDENTIFIER

  • control field: AUA.1

005 - DATE AND TIME OF LATEST TRANSACTION

  • control field: 20121025164202.0

008 - FIXED-LENGTH DATA ELEMENTS

  • fixed length control field: 121025|||a|||||| | ||| d

040 ## - CATALOGING SOURCE

  • Original cataloging agency: AUA.1
  • Transcribing agency: AUA.1

100 ## - HEADING--PERSONAL NAME

  • Personal name: David Adewale Alabi

670 ## - SOURCE DATA FOUND

  • Source citation: Work cat.: (AUA.1): David Adewale Alabi, A Case Study of the Attitude of the Seventh-Day Adventist Church Ilorin, Nigeria on the Gift of Miracle and Healing